| 000 | 00469nam a2200169 4500 | ||
|---|---|---|---|
| 001 | 9922 | ||
| 005 | 20231025121951.0 | ||
| 008 | 231025b |||||||| |||| 00| 0 POR d | ||
| 020 | _a9788563118066 | ||
| 040 | _cComplexo Educacional Contemporâneo | ||
| 080 | _a32 (813.2) | ||
| 100 |
_aAzevedo, Walclei de Araújo _bA994 _9724 |
||
| 245 | _aJosé augusto e o ABC das Oligarquias | ||
| 250 | _as.n | ||
| 260 |
_aNatal _bInfinita Imagens _c2011 |
||
| 942 |
_2udc _n0 _cBK _es.n |
||
| 999 |
_c9922 _d9922 |
||